| 000 | 00723nam a2200193 i 4500 | ||
|---|---|---|---|
| 001 | 57412 | ||
| 003 | ES-MaACL | ||
| 005 | 20230906163555.0 | ||
| 007 | t| | ||
| 008 | 031016m19141915sp ||||1| spa d | ||
| 100 | 1 |
_aDoederlein, Albert. _944979 |
|
| 245 | 1 | 0 |
_aGinecología operatoria / _cpor A. Döderlein y B. Kronig ; traducida directamente del alemán (3ª edición) por R. Botet Ozores ; revisada y anotada por R[amón] Torres Casanovas. |
| 260 |
_aBarcelona : _bSalvat y Cª S. en C. Edit., _c1914-1915. |
||
| 300 |
_aXII, 974 p., 15 lám. : _b419 fig. ; _c28 cm. |
||
| 700 | 1 |
_aKronig, B. _968892 |
|
| 700 | 1 |
_aBotet Ozores, R. _930768 |
|
| 700 | 1 |
_aTorres Casanovas, Ramón. _9110938 |
|
| 852 |
_aES-MaACL _jE-1396 |
||
| 999 |
_c57412 _d57412 |
||